| 000 | 00876nam a2200265 a 4500 | ||
|---|---|---|---|
| 003 | MX-MxUPN | ||
| 005 | 20241029084100.0 | ||
| 007 | cr a | ||
| 008 | 241028s2016 mx a|||fo|||| 000 j spa d | ||
| 020 | _a9786074227406 | ||
| 040 |
_aMX-MxUPN _bspa _cMX-MxUPN |
||
| 041 | 0 | _aspa | |
| 050 | 1 | 4 | _aPZ71 |
| 100 | 1 |
_aGómez Ordóñez, Flor de María _954345 |
|
| 245 | 1 | 0 |
_aJacoba : _bla que habla con el corazón _h[recurso electrónico en línea] |
| 250 | _aPrimera edición | ||
| 260 |
_aToluca, Estado de México : _bUniversidad Autónoma del Estado de México, _c2016. |
||
| 300 |
_a1 recurso en línea (29 páginas) : _bilustraciones, PDF |
||
| 490 | 0 | _aColección Ese | |
| 506 | 0 | _aAcceso abierto. | |
| 650 | 4 |
_aCuentos infantiles mexicanos _97723 |
|
| 856 | 4 | 0 | _uhttp://hdl.handle.net/20.500.11799/58642 |
| 902 | _aVíctor Ruiz/281024 | ||
| 942 |
_2lcc _cLIBRO-E |
||
| 999 |
_c211934 _d211934 |
||